000 00315nam a22001337a 4500
008 171018b xxu||||| |||| 00| 0 eng d
020 _a0721687021
041 _aeng
080 _a338
100 _a53
101 _aMEN
245 _aTHE MANGEMENT OF FRACTURES AND DISLOCATION
_cCONNOLY.J.F
942 _2udc
_cBK
999 _c34801
_d34801